Naturally occurring antioxidants / (Record no. 34212)

MARC details
000 -LEADER
fixed length control field 00955cam a2200265 a 4500
001 - CONTROL NUMBER
control field 2123666
003 - CONTROL NUMBER IDENTIFIER
control field OSt
005 - DATE AND TIME OF LATEST TRANSACTION
control field 20220404091410.0
008 - FIXED-LENGTH DATA ELEMENTS--GENERAL INFORMATION
fixed length control field 970306s1997 flu b 001 0 eng
010 ## - LIBRARY OF CONGRESS CONTROL NUMBER
LC control number 97008169
020 ## - INTERNATIONAL STANDARD BOOK NUMBER
International Standard Book Number 0873719573 (acidfree paper)
040 ## - CATALOGING SOURCE
Original cataloging agency DLC
Transcribing agency HU
Modifying agency DLC
050 00 - LIBRARY OF CONGRESS CALL NUMBER
Classification number RB170
Item number .L37 1997
082 00 - DEWEY DECIMAL CLASSIFICATION NUMBER
Classification number 616.07 LAR 1997
Edition number 21
100 1# - MAIN ENTRY--PERSONAL NAME
Personal name Larson, Richard A.
9 (RLIN) 35011
245 10 - TITLE STATEMENT
Title Naturally occurring antioxidants /
Statement of responsibility, etc. Richard A. Larson.
260 ## - PUBLICATION, DISTRIBUTION, ETC.
Place of publication, distribution, etc. Boca Raton :
Name of publisher, distributor, etc. Lewis Publishers,
Date of publication, distribution, etc. c1997.
300 ## - PHYSICAL DESCRIPTION
Extent 195 p. ;
Dimensions 24 cm.
504 ## - BIBLIOGRAPHY, ETC. NOTE
Bibliography, etc. note Includes bibliographical references and index.
650 #0 - SUBJECT ADDED ENTRY--TOPICAL TERM
Topical term or geographic name entry element Antioxidants.
9 (RLIN) 35012
856 42 - ELECTRONIC LOCATION AND ACCESS
Materials specified Publisher description
Uniform Resource Identifier <a href="http://www.loc.gov/catdir/enhancements/fy0744/97008169-d.html">http://www.loc.gov/catdir/enhancements/fy0744/97008169-d.html</a>
906 ## - LOCAL DATA ELEMENT F, LDF (RLIN)
a 7
b cbc
c orignew
d 1
e ocip
f 19
g y-gencatlg
942 ## - ADDED ENTRY ELEMENTS (KOHA)
Source of classification or shelving scheme Dewey Decimal Classification
Koha item type Books like text book referance book
Suppress in OPAC No
Holdings
Withdrawn status Lost status Source of classification or shelving scheme Damaged status Not for loan Collection code Home library Current library Shelving location Date acquired Total Checkouts Full call number Barcode Date last seen Copy number Price effective from Koha item type
    Dewey Decimal Classification     Non-fiction Wondo Genet Library Wondo Genet Library General Stacks 04/04/2022   616.07 LAR 1997 WGCFNRL00018121 04/04/2022 1 04/04/2022 Books like text book referance book